000 01249nam2a2200313 4500
001 RU\NLR\cart\3309
005 20250617203850.0
010 _a0-226-90728-7
035 _a(NLR Aleph) 004273421
090 _a2279152
_c2279152
100 _a20040625d1998 |||y0rusy50 ca
101 0 _aeng
102 _aRU
120 _aaaa xx||
200 1 _aCartography in the Traditional African, American, Arctic, Australian, and Pacific Societies
_fEd. by G. Malcolm Lewis
_bКарты
210 _d1998
_aБ. м.
215 _aXXI, 639 с., [24] л. цв. ил., факс., карт.
_cил., факс., карт.
320 _aБиблиогр.: с. 543-577
320 _aУказ.: с. 579 - 639
327 1 _aТом посвящен истории картографии Африки, Америки, Арктики, Австралии и Тихого Океана
461 0 _1001RU\NLR\cart\3285
_12001#$aThe Histoty of Cartography$vV.2, bk. 3
606 0 _aИстория географии и картографии
_92177780
_3RU\NLR\auth_crt\6633
620 _aUSA
_dChicago
702 1 _aLewis
_gMalcolm G.
_4340
801 0 _aRU
_bNLR
_c20040625
_gPSBO
852 _aNLR
_bК
_jИст/170/4
_m82257
942 _cBOOK
980 _aNB